000 01512cam a22004574i 4500
003 PE-LiUPU
005 20250731173536.0
008 150616s r 000 0 d
020 _a0805410864
035 _a(Sirsi) i9780805410860
040 _aPE-LiUPU
_bspa
_cPE-LiUPU
_erda
049 _aPRUA
082 0 4 _a221.002
_bP74
_221
100 1 _aPoinsett, Brenda,
_eautor.
245 1 0 _aOld Testament Survey /
_cBrenda Poinsett.
264 1 _aNashville, Tennessee :
_bBroadman & Holman Publishers,
_c1994.
300 _a119 páginas ;
_c28 centímetros
336 _atext
_2rdacontent
337 _aunmediated
_2rdamedia
338 _avolume
_2rdacarrier
505 0 _aThe Pentateuch.- The former prophets.- The prophets.- The writing.- True - False question.
526 _aSEG42
526 _aSEG41
526 _aSEG40
526 _aSEG39
526 _aP94
526 _aP87
526 _aP86
526 _aP85
526 _aP77
526 _aP76
526 _aP35
630 _aBiblia.
_pA.T.
_vCompendios, manuales, etc.
910 _ajck
_bjvq
_cjck
942 _2ddc
_cBOOK
949 _a221.002 P74
_wDEWEY
_c1
_i42439
_lCCODEBUL1
_mBUL
_r0
_sY
_tBOOK
_u2015-6-16
_xTEOLOGIA
_PP35
_0COMPRA
_o.STAFF. Colección General
994 _aC0
_bPEPRU
596 _a1
999 _a221.002 P74
_wDEWEY
_c60274
_i42439
_f2021-11-9
_g5
_lCCODEBUL1
_mBUL
_r0
_sY
_tBOOK
_u2015-6-16
_xTEOLOGIA
_PP35
_0COMPRA
_o.STAFF. Colección General
_d60274
980 _81
_gALBERTO SANCHEZ Responsable de Automatización